|
|
|
|
| LEADER |
00000caa a22000002c 4500 |
| 001 |
502841575 |
| 003 |
DE-627 |
| 005 |
20230120081931.0 |
| 007 |
tu |
| 008 |
051201s2005 xx ||||| 00| ||ger c |
| 035 |
|
|
|a (DE-627)502841575
|
| 035 |
|
|
|a (DE-576)121736628
|
| 035 |
|
|
|a (DE-599)GBV502841575
|
| 040 |
|
|
|a DE-627
|b ger
|c DE-627
|e rakwb
|
| 041 |
|
|
|a ger
|
| 100 |
1 |
|
|a Blom, Herman
|d 1958-
|0 (DE-588)12157752X
|0 (DE-627)081398905
|0 (DE-576)292781032
|4 aut
|
| 109 |
|
|
|a Blom, Herman 1958-
|
| 245 |
1 |
0 |
|a "Managing Diversity" bei der Polizei
|b Vergleich zur Praxis Deutschland - Niederlande
|c Herman Blom
|
| 264 |
|
1 |
|c 2005
|
| 300 |
|
|
|a S. 277 - 298
|
| 336 |
|
|
|a Text
|b txt
|2 rdacontent
|
| 337 |
|
|
|a ohne Hilfsmittel zu benutzen
|b n
|2 rdamedia
|
| 338 |
|
|
|a Band
|b nc
|2 rdacarrier
|
| 773 |
0 |
8 |
|i In
|t Jahrbuch öffentliche Sicherheit
|d [Baden-Baden] : Nomos, 2003
|g 2004/2005(2005), Seite 277 - 298
|w (DE-627)376506792
|w (DE-600)2130844-5
|w (DE-576)119363984
|7 nnas
|
| 773 |
1 |
8 |
|g volume:2004/2005
|g year:2005
|g pages:277 - 298
|
| 935 |
|
|
|a mkri
|
| 951 |
|
|
|a AR
|
| ELC |
|
|
|b 1
|
| LOK |
|
|
|0 000 xxxxxcx a22 zn 4500
|
| LOK |
|
|
|0 001 3415038645
|
| LOK |
|
|
|0 003 DE-627
|
| LOK |
|
|
|0 004 502841575
|
| LOK |
|
|
|0 005 20260317123819
|
| LOK |
|
|
|0 008 160208||||||||||||||||ger|||||||
|
| LOK |
|
|
|0 040
|a DE-21-110
|c DE-627
|d DE-21-110
|
| LOK |
|
|
|0 689
|a s
|a Polizeiorganisation
|
| LOK |
|
|
|0 689
|a s
|a Multikulturalismus
|
| LOK |
|
|
|0 689
|a s
|a Polizisten
|
| LOK |
|
|
|0 689
|a s
|a Diskriminierung
|
| LOK |
|
|
|0 689
|a g
|a Niederlande
|
| LOK |
|
|
|0 689
|a g
|a Deutschland
|
| LOK |
|
|
|0 852
|a DE-21-110
|
| LOK |
|
|
|0 852 1
|m p
|9 00
|
| LOK |
|
|
|0 935
|a k110
|
| LOK |
|
|
|0 938
|k p
|
| LOK |
|
|
|0 939
|a 2016-02-08
|b l01
|
| ORI |
|
|
|a WA-MARC-krimdoka001.raw
|